| 000 | 00508nam a2200181Ia 4500 | ||
|---|---|---|---|
| 001 | 1653 | ||
| 005 | 20260306143744.0 | ||
| 008 | 260306t2014||||xx |||||||||||||| ||spa|| | ||
| 041 | _aESP | ||
| 082 |
_a153.9 _bS23 |
||
| 100 |
_aSánchez González, Lízbeth _eAUT |
||
| 245 | 0 |
_aInteligencias múltiples y estilos de aprendizaje: _bdiagnóstico y estrategias para su potenciación |
|
| 260 | _c2014 | ||
| 300 |
_axii, 295 páginas : _c23 cm. |
||
| 650 | _aGEN | ||
| 654 | _aCPS | ||
| 942 |
_cLIB _dJUS _fJUS _2ddc _n |
||
| 999 |
_c1653 _d1653 |
||